00784nam a2200217 a 450000100100000000500170001000800410002704000250006808200250009310000430011824500600016125000110022126000450023230000270027750000560030465000280036065000310038804900090041995201230042899900150055100001015520240412074215.0091005s1990 dr a 001 p spa d aDO-SdBNPbspacBNPHU aRD861.44bC951l 19901 aCross de Hailu, Elvira Angelica92515110aLibertad condicional /cElvira Angelica Cross de Hailu. a2a ed. aSanto Domingo :bAmigo del Hogar,c1990. a79 p. :bil. ;c22 cm. aIncluye datos biográficos del autor pags. 78-79 . 0aPoesía dominicana966 0aLiteratura dominicana.967 aBNPD 0010718PDaPDbPDcCTd2009-10-05iLF1l0oRD861.44 C951l 1990p10155-10r2020-06-25w2020-06-25yLFPDZNo se presta c9914d9914